header

World Bank Group impact evaluations (Record no. 68844)

MARC details
000 -LEADER
fixed length control field 01383nam a2200325 a 4500
082 04 - DEWEY DECIMAL CLASSIFICATION NUMBER
Classification number 332.1/532
245 00 - TITLE STATEMENT
Title World Bank Group impact evaluations
260 ## - PUBLICATION, DISTRIBUTION, ETC. (IMPRINT)
Place of publication Washington, D.C. :
Name of publisher Independent Evaluation Group, The World Bank Group,
Year of publication 2013.
300 ## - PHYSICAL DESCRIPTION
Number of Pages xl, 164 p. :
Other physical details ill.
650 #0 - SUBJECT ADDED ENTRY--TOPICAL TERM
Topical Term Economic assistance
Topical Term Economic development projects
856 40 - ELECTRONIC LOCATION AND ACCESS
Uniform Resource Identifier http://site.ebrary.com/lib/rucke/Doc?id=10662098

No items available.

© 2026 Rongo University
Contact us: librarian | system librarian | Rongo university